00768nam a2200217 a 4500008004100000040001200041041000800053044000700061082002500068100003200093245011600125260004700241300003600288490004100324502008800365650001500453650000900468655004000477700002600517852000700543200318s2016 ii ad||g m|||a00| 0 eng d aKObeng0 aeng aii04223a378.242bIRM15021 aSingh, AshutosheResearcher20aA Study on Operation Management of food Corporation of India with Special Reference to Regional Office Bhopal / aKochi :bIndian Maritime University,c2016 a86 p. :bill., charts ;c29 cm.0 aMBA Internship 2015-17 ;v1505305002 aInternship (MBA)–Indian Maritime University. School of Maritime Management, 2016. 0aManagement 0aFood 72lcshaDissertations, Academicy20161 aSekar, M.cDr.eGuide aKO